Guess the Player by their Trophies - Statistiques

Statistiques générales
  • Ce quiz a été pris 27 fois
  • Le résultat moyen est 9 sur 10
Statistiques - réponses
Question Réponse % Correct
1 Euro, 5 Champions Leagues, 3 Premier League, 2 La Liga, 2 Serie A, 5 Ballon d'Or Cristiano Ronaldo
100%
1 World Cup, 1 Nations League, 7 Ligue 1 Kylian Mbappé
100%
1 World Cup, 2 Copa América, 4 Champions Leagues, 10 La Liga, 8 Ballon d'Or Lionel Messi
100%
1 Champions League, 10 Bundesliga, 1 La Liga, 2 European Golden Shoe Robert Lewandowski
96%
1 World Cup, 1 Euro, 1 Champions League, 1 La Liga, 2 Serie A, 1 Ballon d'Or Zinedine Zidane
96%
6 Champions Leagues, 4 La Liga, 1 Ballon d'Or, World Cup Finalist 2018 Luka Modrić
92%
1 World Cup, 1 Euro, 1 Champions League, 2 Premier League, 2 La Liga Thierry Henry
92%
1 World Cup, 2 Euros, 4 Champions Leagues, 5 La Liga, 2 Ligue 1 Sergio Ramos
83%
3 Champions Leagues, 6 La Liga, 2 Ligue 1, 1 Serie A, 2 Copa América Dani Alves
67%
1 World Cup, 1 Copa América, 1 Champions League, 2 La Liga, 1 Serie A, 1 Ballon d'Or Ronaldinho
46%
Aucun quiz correspondant
Distribution des résultats
% des personnes avec chaque résultat
Percentile par nombre de réponses
Votre historique - résultats
Vous n’avez pas pris ce quiz